| 000 | 00526nam a22001697a 4500 | ||
|---|---|---|---|
| 003 | OSt | ||
| 005 | 20260302235934.0 | ||
| 008 | 260203b |||||||| |||| 00| 0 eng d | ||
| 040 |
_aDWCL-Main Lib _cOC |
||
| 082 | _aFil. 899.211 H557 1982 | ||
| 100 | _aHernandez, Amado V. | ||
| 245 | _aMga ibong mandaragit : nobelang sosyo - politiko / | ||
| 260 |
_aLas PiƱas City : _bM & L Licudin Enterprises, _cc1982 |
||
| 300 |
_a416 p. ; _c22 cm. |
||
| 650 | _aPhilippine literature - political issue. | ||
| 942 |
_2ddc _cBK-FIL _mFil. _n0 |
||
| 999 |
_c8168 _d8168 |
||